|
|
|
|
| LEADER |
00000nam a2200000 a 4500 |
| 005 |
20120229150115.0 |
| 007 |
cr|||| |||| |
| 008 |
081230s2008 sp a|||| b||||0|| 0 spa|c |
| 017 |
|
|
|a DL M. 23130-2008
|
| 020 |
|
|
|a 9788498492460
|
| 035 |
|
|
|a 2765
|
| 040 |
|
|
|d vLex
|
| 090 |
|
|
|c 3054
|d 3054
|
| 100 |
1 |
|
|a Escalante Castarroyo, Još
|
| 245 |
1 |
0 |
|a Polica̕s locales 1978-2008
|h [Recurso electrn̤ico] :
|b coordinacin̤ por las comunicades autn̤omas : marco estatutario /
|c Jos ̌Escalante Castarroyo
|
| 256 |
|
|
|a Servicio en ln̕ea
|
| 260 |
|
|
|a Madrid :
|b Dykinson,
|c cop. 2008
|
| 300 |
|
|
|a 1 recurso electrn̤ico
|
| 500 |
|
|
|a Para obtener una visin̤ de conjunto del Marco Estatutario de las Polica̕s Locales de Espaą hemos investigado desde los inicios de la asuncin̤ de la competencia en los diferentes Estatutos de Autonoma̕, en las propias leyes de coordinacin̤ y en los desarrollos reglamentarios de estas, cotejando la abundante doctrina, que al respecto de esta competencia constitucional y estatutaria, ha producido el Tribunal Constitucional. Conocida la posicin̤ de las Polica̕s Locales en el actual sistema de seguridad pb︢lica y modelo de polica̕ y a la vista de su actual tridimensionalidad: Polica̕s de Estado, Polica̕s de las Comunidades Autn̤omas y Polica̕s Locales, entendemos que ambos estǹ precisados de una reforma en profundidad que los racionalice, integre y profesionalice. La consolidacin̤ del Estado autonm̤ico en Espaą y la tendencia actual federalizante, ofrecen un campo de investigacin̤ muy significativo para la seguridad pb︢lica territorial y la Polica̕ Local... Esta publicacin̤ pone a disposicin̤ de los estudiosos de la seguridad publica territorial y los profesionales de las polica̕s locales una herramienta informativa suficientemente amplia para facilitar su conocimiento y desde el entender su situacin̤ tanto en el sistema de seguridad como en el modelo de polica̕ territorial actuales, en los que las polica̕s locales son parte importante y una apuesta de futuro.
|
| 504 |
|
|
|a Bibliografa̕ e n̕dice
|
| 506 |
1 |
|
|a Contenido solo disponible en los productos indicados
|d vLex Global
|d vLex Global (Academic Edition, excluding Law Schools)
|d vLex Global (U.S. Academic Edition, Law Schools)
|d vLex Global (U.S. Academic Edition, excluding Law Schools)
|d vLex Global (Academic Edition, Law Schools)
|
| 650 |
|
4 |
|a Policia municipal
|x Derecho
|z Espaą
|
| 740 |
0 |
|
|a vLex Libros (Servicio en ln̕ea)
|
| 856 |
4 |
0 |
|u http://vlex.com/source/policias-locales-marco-estatutario-2765
|z Acceso restringido
|
| 942 |
|
|
|c BOOK
|